Workers' Participative Schemes <The> Experience of Capitalist and Plan-based Societies

Na minha lista:
Detalhes bibliográficos
Autor principal: Tsiganou, Helen A.
Formato: Livro
Idioma:inglês
Publicado em: New York Greenwood Press 1991
Edição:1. ed.
Colecção:Contributions in Labor Studies No. 35
Assuntos:
Tags: Adicionar Tag
Sem tags, seja o primeiro a adicionar uma tag!

MARC

LEADER 00000nam a2200000 4500
001 c019554
005 20221206115024.0
020 |a 0-313-26479-1 
041 0 |a eng 
044 |a US 
245 1 0 |a Workers' Participative Schemes  |b <The> Experience of Capitalist and Plan-based Societies  |c Helen A. Tsiganou 
250 |a 1. ed. 
264 1 |a New York  |b Greenwood Press  |c 1991 
300 |a 254 s. 
490 1 |a Contributions in Labor Studies  |v No. 35 
830 0 |a Contributions in Labor Studies  |v No. 35 
610 2 0 |a účasť na riadení 
610 2 0 |a zamestnanci 
610 2 0 |a zamestnávatelia 
610 2 0 |a porovnanie medzinárodné 
610 2 0 |a hospodárstvo kapitalistické 
610 2 0 |a hospodárstvo socialistické 
610 2 0 |a plánovanie hospodárske 
610 2 0 |a manažment 
610 2 0 |a reformy hospodárske 
610 2 0 |a politika medzinárodná 
610 2 0 |a robotníci 
610 2 0 |a štúdie prípadové 
100 1 |a Tsiganou, Helen A.